Revista de Derecho UCSC

Detalles Bibliográficos
Formato: eBook
Lenguaje:español
Publicado: Santiago de Chile: Universidad Catl̤ica de la Sants̕ima Concepcin̤, 2009 -
Materias:
Acceso en línea:Acceso restringido

MARC

LEADER 00000nam a22000007a 4500
005 20191220114057.0
007 cr|||| ||||
008 191220c20099999cl ar|w s|||| 0|||b1spa d
022 |a 0717-0599 
035 |a 30875 
040 |a vLex 
090 |c 10087  |d 10087 
245 0 0 |a Revista de Derecho UCSC  |h [Recurso electrn̤ico] / 
256 |a Servicio en ln̕ea 
260 |a Santiago de Chile:  |b Universidad Catl̤ica de la Sants̕ima Concepcin̤,  |c 2009 - 
300 |a 1 recurso electrn̤ico 
310 |a Anual 
506 1 |a Disponible solo en los productos indicados  |d vLex Global  |d vLex Global (Academic Edition, excluding Law Schools)  |d vLex Global (U.S. Academic Edition, Law Schools)  |d vLex Global (U.S. Academic Edition, excluding Law Schools)  |d vLex Global (Academic Edition, Law Schools) 
650 0 4 |a Derecho Civil  |z Chile 
650 0 4 |a Derecho Mercantil y de la Empresa  |z Chile 
650 0 4 |a Derecho Pb︢lico y Administrativo  |z Chile 
650 0 4 |a Derecho Constitucional  |z Chile 
740 0 |a vLex Revistas (Servicio en ln̕ea) 
856 4 0 |u http://vlex.com/source/revista-de-derecho-ucsc-30875  |z Acceso restringido 
942 |c REV 
999 0 |a Civil Law 
999 0 |a Commercial and Business Law 
999 0 |a Public and Administrative Law 
999 0 |a Constitutional Law